000 00716nas a22002177a 4500
005 20260527104455.0
008 260518d20082013porar|p|r|||| 00| z por d
040 _cBR-ViAPE
245 _aPotencialidades
260 _aVitória
_bA Gazeta
_c2008-2013
300 _av.
_bil.
310 _aAnual
362 _aAno 3 n. 3 (2008) - ano 8, n. 8 (dez. 2013).
500 _aDisponibilizada apenas a imagem da capa na versão digital, em virtude de restrições de direitos autorais.
500 _aColeção incompleta: disponíveis apenas alguns números do periódico.
650 _aEconomia
_xEstados
_xDebates
651 _aEspírito Santo (Brasil)
710 _aA Gazeta
942 _2ddc
_cPER
_n1
999 _c693
_d693